Kozier & Erb's fundamentals of nursing : (Record no. 365239)
[ view plain ]
| 000 -LEADER | |
|---|---|
| fixed length control field | 00638nam a22002057a 4500 |
| 003 - CONTROL NUMBER IDENTIFIER | |
| control field | 0 |
| 005 - DATE AND TIME OF LATEST TRANSACTION | |
| control field | 20250211123143.0 |
| 008 - FIXED-LENGTH DATA ELEMENTS--GENERAL INFORMATION | |
| fixed length control field | 230831b xxu||||| |||| 00| 0 eng d |
| 020 ## - INTERNATIONAL STANDARD BOOK NUMBER | |
| International Standard Book Number | 978-981-3137-462 |
| 050 ## - LIBRARY OF CONGRESS CALL NUMBER | |
| Classification number | RT 41 |
| Item number | .B47 2022 |
| 100 ## - MAIN ENTRY--PERSONAL NAME | |
| Personal name | Berman, Audrey |
| 245 ## - TITLE STATEMENT | |
| Title | Kozier & Erb's fundamentals of nursing : |
| Remainder of title | concepts, process, and practice |
| Statement of responsibility, etc | Audrey Breman |
| 250 ## - EDITION STATEMENT | |
| Edition statement | Eleventh edition |
| 260 ## - PUBLICATION, DISTRIBUTION, ETC. (IMPRINT) | |
| Place of publication, distribution, etc | Singapore |
| Name of publisher, distributor, etc | Pearson Education South Asia Pte Ltd |
| Date of publication, distribution, etc | c2022 |
| 300 ## - PHYSICAL DESCRIPTION | |
| Extent | 755 pages : |
| Other physical details | b&w, ill. ; |
| Dimensions | 28cm. |
| 500 ## - GENERAL NOTE | |
| General note | Nursing. |
| 504 ## - BIBLIOGRAPHY, ETC. NOTE | |
| Bibliography, etc | Includes bibliographical references. |
| 650 ## - SUBJECT ADDED ENTRY--TOPICAL TERM | |
| Topical term or geographic name as entry element | Nursing. |
| 942 ## - ADDED ENTRY ELEMENTS (KOHA) | |
| Source of classification or shelving scheme | Library of Congress Classification |
| Koha item type | Books |
| Withdrawn status | Lost status | Source of classification or shelving scheme | Damaged status | Home library | Current library | Shelving location | Date acquired | Source of acquisition | Total Checkouts | Total Renewals | Full call number | Barcode | Date last seen | Date checked out | Price effective from | Koha item type | Sub Shelving location |
|---|---|---|---|---|---|---|---|---|---|---|---|---|---|---|---|---|---|
| Library of Congress Classification | College Library | College Library | Reserve Section | 08/31/2023 | Library Fund | 2 | 3 | RT 41 .B47 2022 | C22845 | 05/07/2024 | 04/02/2024 | 08/31/2023 | Books | ||||
| Library of Congress Classification | College Library | College Library | Reserve Section | 02/11/2025 | Library Fund | RT 41 .B47 2022 | C24216 | 02/11/2025 | 02/11/2025 | Books |